Statistiques concernant Culture Générale - Série 867

Cliquez ici pour prendre le quiz!

Statistiques générales

  • Ce quiz a été pris 81 fois
  • Le résultat moyen est 8 sur 10

Statistiques - réponses

QuestionRéponse% Correct
A la fois vent froid et baiser sur la joue, que suis-je ?La bise
96%
Chez les abeilles, quel nom est donné à la seule femelle fertile d'une ruche ?reine
96%
Selon l'étymologie du mot, de quel animal provient la viande vendue dans une boucherie "hippophagique" ?cheval
91%
Quelle île des Baléares, surnommée "l'île blanche", est le paradis des noctambules fans de musique électronique ?Ibiza
86%
Quel titre de Michael Jackson, de 1982, désigne également un film qui procure des sensations fortes ?Thriller
86%
Selon le proverbe, que doit ménager celui qui veut voyager loin ?sa monture
85%
Dans le film : "Astérix et Obélix : mission Cléopâtre", quel personnage casse le nez du Sphinx ?Obélix
82%
Dans quel art se sont illustrés les frères Le Nain ?peinture
77%
Dans quel film de 1992, un flic incarné par Michael Douglas vit-il une passion torride avec une romancière soupçonnée de meurtre incarnée par Sharon Stone ?Basic Instinct
62%
Quel peintre a dit : “Pour faire une colombe, il faut d'abord lui tordre le cou.” ?Pablo Picasso
58%

Distribution des résultats

Percentile par nombre de réponses

% des personnes avec chaque résultat

Votre développement - résultats

Vous n’avez pas pris ce quiz